| 000 | 00718cam a2200205 4500 | ||
|---|---|---|---|
| 001 | B2732 | ||
| 008 | 090401t1988 xxu||||| |||| 00| 0 eng d | ||
| 035 | _a(Sirsi) u51751 | ||
| 041 | _aeng | ||
| 050 | _a692.8 | ||
| 110 |
_aJoint Contracts Tribunal _93664 |
||
| 245 | _aStandard form of building contract 1980 edition ... with quantities ... amendment 7 (blue) ... standard method of measurement 7th edition: bills of quantities prepared in accordance with SMM7 | ||
| 260 |
_aLondon _bRIBA Publications Ltd _c1988 |
||
| 300 | _a8p. ; 30cm. | ||
| 350 | _a0.4 | ||
| 520 | _aCopies of original contracts filed at JCT 1980/2-7. | ||
| 650 | _aJCT STANDARD FORM OF CONTRACT 1980 | ||
| 942 | _n0 | ||
| 948 | _c04/03/1997 | ||
| 999 |
_c92947 _d92947 |
||